Huyền thoại miệt vườn

Na minha lista:
Detalhes bibliográficos
Autor principal: Huyền thoại miệt vườn
Formato: Livro
Idioma:Undetermined
Publicado em: Hà Nội VHTT 1994
Tags: Adicionar Tag
Sem tags, seja o primeiro a adicionar uma tag!
Thư viện lưu trữ: Trung tâm Học liệu Trường Đại học Cần Thơ
LEADER 00525nam a2200157Ia 4500
001 CTU_34974
008 210402s9999 xx 000 0 und d
082 |a 398.2 
082 |b Th108 
100 |a Huyền thoại miệt vườn 
245 0 |a Huyền thoại miệt vườn 
245 0 |c Huyền thoại miệt vườn; Biên tập, hiệu đính: Nguyễn Phương Thảo 
260 |a Hà Nội 
260 |b VHTT 
260 |c 1994 
980 |a Trung tâm Học liệu Trường Đại học Cần Thơ